Religion Quiz

Random Religion or Verse Quiz

Quick Pick: Proverbs 24:16 (NIV) Quiz Stats

 Plays Quiz not verified by Sporcle

Challenge
Share
Tweet
Embed
Score 0/17 Timer 01:30
0 Plays Today
% Correct
For
85.3%
righteous
64%
the
64%
strikes.
61.8%
calamity
55.1%
though
53.7%
but
52.2%
again,
51.5%
rise
50%
% Correct
when
47.8%
times,
46.3%
fall
45.6%
stumble
45.6%
seven
44.9%
they
44.9%
wicked
41.9%
the
39.7%

You're not logged in!

Compare scores with friends on all Sporcle quizzes.
OR
Log In

You Might Also Like...

Show Comments

Extras

Top Quizzes Today


Score Distribution

Your Account Isn't Verified!

In order to create a playlist on Sporcle, you need to verify the email address you used during registration. Go to your Sporcle Settings to finish the process.

Report this User

Report this user for behavior that violates our Community Guidelines.

Details: